UBT Library

The ties of later life / (Record no. 43358)

000 -LEADER
fixed length control field 00730pam a2200241 a 4500
001 - CONTROL NUMBER
control field 4906138
005 - DATE AND TIME OF LATEST TRANSACTION
control field 20180224033924.0
008 - FIXED-LENGTH DATA ELEMENTS--GENERAL INFORMATION
fixed length control field 940531s1995 nyu b 000 0 eng
010 ## - LIBRARY OF CONGRESS CONTROL NUMBER
LC control number 94019532
020 ## - INTERNATIONAL STANDARD BOOK NUMBER
International Standard Book Number 0895031663
040 ## - CATALOGING SOURCE
Original cataloging agency DLC
Transcribing agency DLC
Modifying agency DLC
041 ## - LANGUAGE CODE
Language code of text/sound track or separate title eng
043 ## - GEOGRAPHIC AREA CODE
Geographic area code n-us---
080 ## - UNIVERSAL DECIMAL CLASSIFICATION NUMBER
Universal Decimal Classification number 306.874
082 00 - DEWEY DECIMAL CLASSIFICATION NUMBER
Classification number 306.874 HEN
Edition number 20
100 ## - Rafti
Rafti 50
101 ## - Shkurtesa
Shkurtesa SOC
245 04 - TITLE STATEMENT
Title The ties of later life /
Statement of responsibility, etc edited by Jon Hendricks.
504 ## - BIBLIOGRAPHY, ETC. NOTE
Bibliography, etc Includes bibliographical references.
906 ## - LOCAL DATA ELEMENT F, LDF (RLIN)
a 7
b cbc
c orignew
d 1
e ocip
f 19
g y-gencatlg
942 ## - ADDED ENTRY ELEMENTS (KOHA)
Source of classification or shelving scheme
Item type Books
Holdings
Withdrawn status Lost status Source of classification or shelving scheme Damaged status Not for loan Collection code Permanent location Current location Shelving location Date acquired Total Checkouts Full call number Barcode Date last seen Price effective from Koha item type
          Koleksioni i përgjithshem UBT - Lipjan UBT - Lipjan Koleksioni i përgjithshem 02/24/2018   306.874 HEN 002-2999989 02/24/2018 02/24/2018 Books
UBT Library © 2015-2024. All rights reserved University Education for Business and Technology